000 01041cam a22003131i 4500
003 EG-ScBUE
005 20230222063115.0
008 090210r20012000vauae f 001 0 eng d
020 _a9781864700718
020 _a1864700718
040 _aEG-ScBUE
_beng
_erda
_cEG-ScBUE
_dEG-ScBUE
082 0 4 _222
_a728.72
_bBEA
245 0 0 _aBeachhouses /
_ctext by Stephen Crafti ; introduction by Harry Seidler.
250 _aReprinted edition.
264 _aMulgrave, Victoria :
_bImages Publishing Group,
_c2001.
300 _a159 pages :
_billustrations, plans ;
_c31 cm
336 _2rdacontent
_atext
_btxt
337 _2rdamedia
_aunmediated
_bn
338 _2rdacarrier
_avolume
_bnc
500 _aIncludes index.
650 7 _aSeaside architecture.
_2BUEsh
650 7 _aArchitecture, Domestic.
_2BUEsh
650 7 _aDwellings
_xDesign and construction.
_2BUEsh
653 _bENGARC
655 _vReading book
700 1 _aCrafti, Stephen,
_econtributor.
700 1 _aSeidler, Harry,‏
_d1923-2006,
_econtributor.
942 _2ddc
_cBB
999 _c10792
_d10792